| 000 | 00430nam a2200145Ia 4500 | ||
|---|---|---|---|
| 005 | 20250508160023.0 | ||
| 008 | 008 250505s9999 xx 000 0 eng d | ||
| 037 | _aBooks to be hide in OPAC | ||
| 040 |
_aFEDL _beng _cFEDL |
||
| 041 |
_aeng _2eng |
||
| 084 |
_a378.5479, RAJ/O _qFEDL |
||
| 245 | 0 | _aReport on the Rajkumar college rajkot for 1919-1920 | |
| 942 |
_cHB _h378.5479, RAJ/O |
||
| 999 |
_c1361103 _d1361103 |
||